[Event "It (open)"]
[Site "masterchessopen.com Paisley (Scotland)"]
[Round "3"]
[White "Norris Alan J (SCO)"]
[Black "Maxwell Alistair (SCO)"]
[Result "1-0"]
[WhiteElo "2304"]
[BlackElo "2090"]

1.d4 Nf6 2.c4 e6 3.Nc3 Bb4 4.e3 b6 5.Bd3 Bb7 6.Ne2 c5 7.O-O d5 8.a3 cxd4
9.Qa4+ Bc6 10.Qxb4 dxc3 11.Qxc3 O-O 12.b4 Qe7 13.Bb2 Rc8 14.cxd5 Bb7 15.Qd4
exd5 16.Qh4 h6 17.Ng3 Nbd7 18.Nf5 Qe6 19.Nxh6+ gxh6 20.Qxh6 d4 21.Bxd4 Qg4
22.f3 Qh5 23.Bh7+ {#r} 1-0

[Event "It (open)"]
[Site "masterchessopen.com Pesc (Hungary)"]
[Round "8"]
[White "Szabo Zsolt (HUN)"]
[Black "Barta Sandor (HUN)"]
[Result "1-0"]
[WhiteElo "2330"]
[BlackElo "2094"]

1.d4 Nf6 2.c4 e6 3.Nc3 Bb4 4.e3 b6 5.Bd3 Bxc3+ 6.bxc3 Bb7 7.f3 d6 8.Ne2 Nbd7
9.O-O g5 10.e4 h6 11.Ng3 Qe7 12.Qa4 a5 13.Rb1 O-O-O 14.c5 dxc5 15.Ba3 {#r} 1-0

[Event "It (open)"]
[Site "masterchessopen.com Reykjavik (Iceland)"]
[Round "1"]
[White "Einarsson Bergsteinn (ISL)"]
[Black "Olafsson Helgi (ISL)"]
[Result "0-1"]
[WhiteElo "2175"]
[BlackElo "2270"]

1.d4 Nf6 2.c4 e6 3.Nc3 Bb4 4.e3 b6 5.Bd3 Bb7 6.f3 c5 7.Ne2 cxd4 8.exd4 d5
9.cxd5 Nxd5 10.O-O O-O 11.Nxd5 Bxd5 12.Bf4 Nc6 13.Rc1 Bd6 14.Bxd6 Qxd6 15.Bb1
Rfd8 16.Qd3 g6 17.a3 Rd7 18.Rfd1 Rad8 19.b4 a5 20.b5 Ne7 21.Qe3 a4 22.Nc3 Bb3
23.Ne4 Nd5 24.Qxb3 axb3 25.Nxd6 Rxd6 26.Be4 b2 27.Rc6 Rxc6 28.bxc6 Nc3 {#R}
0-1

[Event "It (sheveningen)"]
[Site "masterchessopen.com Sydney (Australia)"]
[Round "0"]
[White "Curtis Ry (AUS)"]
[Black "Reitano A (AUS)"]
[Result "0-1"]
[WhiteElo "2205"]
[BlackElo "2123"]

1.d4 Nf6 2.c4 e6 3.Nc3 Bb4 4.e3 b6 5.Bd3 Bb7 6.Ne2 Ne4 7.Qc2 f5 8.O-O Bxc3
9.Nxc3 Nxc3 10.Qxc3 O-O 11.b4 Qh4 12.Bb2 Bxg2 13.d5 Rf6 14.Qxf6 gxf6 15.Kxg2
Qg4+ 16.Kh1 Qf3+ 17.Kg1 Kf7 18.Rfd1 Na6 19.a3 Rg8+ 20.Kf1 Rg2 21.Rd2 Rxh2 {#R}
0-1

[Event "Ch Spain (team)"]
[Site "masterchessopen.com Ampuriabrava (Spain)"]
[Round "0"]
[White "Gil Capape Javier (AUS)"]
[Black "Izeta Txabarri Felix (ESP)"]
[Result "1-0"]
[WhiteElo "2440"]
[BlackElo "2525"]

1.d4 Nf6 2.c4 e6 3.Nc3 Bb4 4.e3 b6 5.Bd3 Bb7 6.Nf3 Ne4 7.O-O Bxc3 8.bxc3 O-O
9.Ne1 f5 10.f3 Nf6 11.Qe2 d6 12.Rb1 Nbd7 13.h3 Nh5 14.Qf2 e5 15.c5 e4 16.Bc4+
d5 17.Be2 c6 18.f4 Nhf6 19.g4 Qc8 20.Ng2 Ba6 21.Nh4 fxg4 22.hxg4 Bxe2 23.Qxe2
g6 24.Kg2 bxc5 25.g5 Nh5 26.f5 Ng7 27.fxg6 Rxf1 28.gxh7+ Kxh7 29.Kxf1 Nb6
30.Qh2 Kg8 31.Rb2 {#r} 1-0

[Event "It (open)"]
[Site "masterchessopen.com Bethune (France)"]
[Round "4"]
[White "Mancini Mario (FRA)"]
[Black "Ikonnikov Vyacheslav (RUS)"]
[Result "0-1"]
[WhiteElo "2290"]
[BlackElo "2550"]

1.d4 Nf6 2.c4 e6 3.Nc3 Bb4 4.e3 b6 5.Bd3 Bb7 6.Nf3 Ne4 7.Qc2 Bxc3+ 8.bxc3 f5
9.c5 O-O 10.Ba3 Rf6 11.Ne5 d6 12.cxd6 cxd6 13.Nc4 b5 14.Nb2 Rg6 15.Rg1 Na6
16.Nd1 Qh4 17.h3 Ng5 18.Bxd6 Nf3+ 19.Kf1 Rxg2 20.Rxg2 Qxh3 21.e4 fxe4 22.Ne3
exd3 23.Qxd3 Qh1+ 24.Ke2 Qxa1 25.Nc2 Qc1 {#R} 0-1

[Event "It (open)"]
[Site "masterchessopen.com Metz (France)"]
[Round "4"]
[White "Moutaux Robert (FRA)"]
[Black "Kasimdzhanov Rustam (UZB)"]
[Result "0-1"]
[WhiteElo "1824"]
[BlackElo "2545"]

1.d4 Nf6 2.c4 e6 3.Nc3 Bb4 4.e3 b6 5.Bd3 Bb7 6.Nf3 Ne4 7.Qc2 f5 8.O-O Bxc3
9.bxc3 O-O 10.Nd2 Qh4 11.f3 Nxd2 12.Bxd2 Nc6 13.Be1 Qg5 14.e4 Na5 15.exf5 exf5
16.Bd2 Qf6 17.Bf4 d6 18.Qd2 Qf7 19.d5 Ba6 20.c5 Bxd3 21.Qxd3 dxc5 22.c4 Rad8
23.Rae1 c6 24.Re6 Qxe6 {#R} 0-1

[Event "Memorial T.Petrosian (juniors)"]
[Site "masterchessopen.com Moscow (Russia)"]
[Round "8"]
[White "Riazantsev Alexander (RUS)"]
[Black "Lukianenko Evgenij (RUS)"]
[Result "0-1"]
[WhiteElo "2275"]
[BlackElo "2250"]

1.d4 Nf6 2.c4 e6 3.Nc3 Bb4 4.e3 b6 5.Bd3 Bb7 6.Nf3 Ne4 7.Qc2 Bxc3+ 8.bxc3 f5
9.O-O O-O 10.Nd2 Qh4 11.f3 Nxd2 12.Bxd2 d6 13.Be1 Qh5 14.Qb3 Nd7 15.Bg3 Kh8
16.Rae1 e5 17.Qb5 Rad8 18.e4 f4 19.Bf2 Rf6 20.Rc1 Rh6 21.h3 Nf8 22.Rfd1 Bc8
23.Bf1 Ne6 24.Rd2 Ng5 25.Be1 Bxh3 26.gxh3 Qxf3 27.Qb2 Qe3+ 28.Rf2 Nf3+ 29.Kh1
Nxe1 30.Rd1 Qxe4+ 31.Bg2 Rxh3+ 32.Kg1 Rg3 {#R} 0-1

[Event "Ch Russia (juniors) (under 12)"]
[Site "masterchessopen.com St. Petersburg (Russia)"]
[Round "1"]
[White "Riazantsev Alexander (RUS)"]
[Black "Iljin Artem (RUS)"]
[Result "1-0"]
[WhiteElo "2275"]
[BlackElo "2536"]

1.d4 e6 2.c4 Nf6 3.Nc3 Bb4 4.e3 b6 5.Bd3 Bb7 6.Nf3 O-O 7.O-O Bxc3 8.bxc3 d6
9.Qc2 Nbd7 10.e4 h6 11.Ba3 c5 12.Rae1 Qc7 13.Nh4 Rfe8 14.f4 Nf8 15.Qe2 e5
16.fxe5 dxe5 17.d5 Bc8 18.Rxf6 gxf6 19.Qh5 Nh7 20.Qxh6 Kh8 21.Be2 Rg8 22.Bh5
Rg7 23.Re3 Qe7 24.Rf3 Bd7 25.Bc1 a6 26.h3 Rag8 27.Bg4 Bxg4 28.hxg4 Rxg4 29.Rh3
Qf8 30.Ng6+ {#r} 1-0

[Event "Tournament"]
[Site "masterchessopen.com Toronto (Canada)"]
[Round "0"]
[White "Kret Ted (CAN)"]
[Black "Fiedler Brian (CAN)"]
[Result "1-0"]
[WhiteElo "2108"]
[BlackElo "2072"]

1.d4 Nf6 2.c4 e6 3.Nc3 Bb4 4.e3 b6 5.Bd3 Bb7 6.Ne2 Bxg2 7.Rg1 Be4 8.Nf4 g6
9.Bd2 Bxd3 10.Nxd3 Be7 11.e4 d5 12.cxd5 exd5 13.exd5 Nxd5 14.Qf3 c6 15.Ne5 f5
16.O-O-O Nxc3 17.Qxc3 Qd5 18.Rde1 Kd8 19.Kb1 Bf6 20.Re2 Kc7 21.Bf4 Kb7 22.Nc4
Rd8 23.Rge1 c5 24.Re6 Bxd4 25.Qb3 Nc6 26.Re7+ Nxe7 27.Rxe7+ Qd7 28.Nd6+ Kc7
29.Qd5 Rab8 30.Nb5+ Kc8 31.Qc6+ {#r} 1-0

[Event "Ch World (juniors) (under 20) (g)"]
[Site "masterchessopen.com Zagan (Poland)"]
[Round "8"]
[White "Chapelle Emilie (FRA)"]
[Black "Leone Juliana (ARG)"]
[Result "0-1"]
[WhiteElo "2012"]
[BlackElo "2096"]

1.d4 e6 2.c4 Nf6 3.Nc3 Bb4 4.e3 b6 5.Bd3 Bb7 6.f3 c5 7.Ne2 Nc6 8.O-O cxd4
9.exd4 O-O 10.Bg5 h6 11.Bh4 Be7 12.b3 d5 13.Bf2 Nb4 14.Bb1 dxc4 15.bxc4 Rc8
16.a3 Nc6 17.d5 exd5 18.cxd5 Na5 19.Be4 Qd7 20.Qd3 Nxe4 21.fxe4 Nc4 22.a4 Ne5
23.Qg3 Bd6 24.Bd4 Rfe8 25.Nb5 Bb8 26.Qe1 Nd3 27.Qh4 Bxd5 28.Nec3 Bc4 29.Rad1
a6 30.Na3 Qxd4+ 31.Kh1 Qxc3 32.Nxc4 Qxc4 {#R} 0-1

[Event "It (open)"]
[Site "masterchessopen.com Avoine (France)"]
[Round "0"]
[White "Duchene Nathalie"]
[Black "Guillet Richard (FRA)"]
[Result "0-1"]
[WhiteElo "1670"]
[BlackElo "2126"]

1.d4 Nf6 2.c4 e6 3.Nc3 Bb4 4.e3 b6 5.Bd3 Bb7 6.f3 O-O 7.Ne2 d6 8.O-O Nbd7 9.e4
c5 10.Nb5 cxd4 11.Nbxd4 Bc5 12.Be3 Ne5 13.Rb1 Rc8 14.Nc2 Ba6 15.b3 d5 16.Bxc5
Rxc5 17.exd5 exd5 18.Nb4 Bb7 19.f4 Nxd3 20.Nxd3 Rc7 21.Nb2 Re8 22.Ng3 Rd7
23.Qc1 dxc4 24.Nxc4 Ng4 25.Qb2 b5 26.Nd6 Qb6+ 27.Kh1 Qxd6 28.Nf5 Qg6 29.Rbe1
Re4 30.Rxe4 Bxe4 31.Ng3 Qh6 32.h3 Qxh3+ {#R} 0-1

[Event "Ch Finland"]
[Site "masterchessopen.com Finland"]
[Round "1"]
[White "Kanko Ilkka (FIN)"]
[Black "Tolonen Leo (FIN)"]
[Result "1-0"]
[WhiteElo "2270"]
[BlackElo "2345"]

1.d4 Nf6 2.c4 e6 3.Nc3 Bb4 4.e3 b6 5.Bd3 Bb7 6.Nf3 Ne4 7.O-O Bxc3 8.bxc3 d6
9.Nd2 Nxd2 10.Bxd2 Nd7 11.e4 e5 12.f4 Qe7 13.fxe5 dxe5 14.c5 O-O 15.Qg4 exd4
16.cxd4 Rad8 17.Bh6 f6 18.c6 Bxc6 19.Rac1 Nb8 20.d5 Bd7 21.Qg3 c5 22.d6 {#r}
1-0

[Event "Bayern Regionalliga Southeast"]
[Site "masterchessopen.com Germany"]
[Round "7"]
[White "Knechtel Roland (GER)"]
[Black "Wirth Wolfgang"]
[Result "1-0"]
[WhiteElo "2220"]
[BlackElo "1935"]

1.d4 Nf6 2.c4 e6 3.Nc3 Bb4 4.e3 b6 5.Bd3 Bb7 6.f3 Nh5 7.Qc2 f5 8.Ne2 O-O 9.O-O
Na6 10.a3 Bd6 11.e4 Qh4 12.e5 Be7 13.g3 Qh3 14.Nd1 Nxg3 15.hxg3 c5 16.Rf2 Qh5
17.d5 g5 18.Ne3 Bd8 19.g4 fxg4 20.Rh2 Qf7 21.Bxh7+ Kg7 22.Be4 {#r} 1-0

[Event "Bundesliga (2nd) South 1998/99"]
[Site "masterchessopen.com Germany"]
[Round "0"]
[White "Schnepp Gunnar (AUT)"]
[Black "Zeller Frank (GER)"]
[Result "0-1"]
[WhiteElo "2265"]
[BlackElo "2445"]

1.d4 Nf6 2.c4 e6 3.Nc3 Bb4 4.e3 b6 5.Bd3 Bb7 6.Nf3 Ne4 7.O-O f5 8.Nd2 Nxc3
9.bxc3 Bxc3 10.Rb1 Bxd2 11.Bxd2 O-O 12.Qc2 Qh4 13.f3 Nc6 14.c5 Ne7 15.cxb6
cxb6 16.Qc7 Bc6 17.Qd6 Nd5 18.e4 fxe4 19.fxe4 Rxf1+ 20.Rxf1 Nf6 21.Bb4 a5
22.Rf4 Qh5 23.Ba3 Qd1+ 24.Bf1 Bxe4 25.Qxb6 Nd5 26.Qb7 Qxd4+ 27.Rf2 Nb4 28.Qb5
Bd3 29.Bxd3 Nxd3 {#R} 0-1

[Event "It (open)"]
[Site "masterchessopen.com Godesburg (Germany)"]
[Round "0"]
[White "Schmidt Raul (ROM)"]
[Black "Hilmer Frank (GER)"]
[Result "1-0"]
[WhiteElo "2371"]
[BlackElo "2209"]

1.d4 e6 2.c4 Nf6 3.Nc3 Bb4 4.e3 b6 5.Bd3 Bb7 6.f3 c5 7.Ne2 O-O 8.dxc5 Bxc5
9.O-O Nc6 10.Na4 Be7 11.b3 d5 12.Bb2 Nb4 13.Nd4 Nxd3 14.Qxd3 dxc4 15.Qxc4 Nd5
16.Qe2 Bg5 17.f4 Bf6 18.Rad1 e5 19.Nf5 exf4 20.Ba3 Re8 21.Rd2 Qd7 22.e4 Red8
23.Rfd1 Rac8 24.Nd6 Be7 25.Nxb7 Qxb7 26.Bxe7 Qxe7 27.Rxd5 Rxd5 28.Rxd5 Qh4
29.Rd1 h5 30.Nb2 Rc6 31.Kh1 Re6 32.Rc1 {#r} 1-0

[Event "It (open) \"]
[Site "masterchessopen.com Hawaii (USA)"]
[Round "9"]
[White "Takata Reynolds (USA)"]
[Black "Rupel David G (USA)"]
[Result "1-0"]
[WhiteElo "2267"]
[BlackElo "2116"]

1.d4 Nf6 2.c4 e6 3.Nc3 Bb4 4.e3 b6 5.Bd3 Bb7 6.Nf3 Ne4 7.Qc2 f5 8.O-O Bxc3
9.bxc3 O-O 10.Nd2 Qh4 11.f3 Nf6 12.e4 g6 13.Ba3 Rf7 14.Rae1 Nc6 15.d5 Ne5
16.exf5 Nxd3 17.Qxd3 exf5 18.Be7 Qh6 19.f4 Ne4 20.Nxe4 Rxe7 21.Nf6+ Kf7
22.Rxe7+ Kxe7 23.Qd4 Rf8 24.Re1+ Kd8 25.Qe5 c5 26.Qb8+ Bc8 27.d6 {#r} 1-0

[Event "Ch Russia (club)"]
[Site "masterchessopen.com Maikop (Russia)"]
[Round "3"]
[White "Gutov Andrey (RUS)"]
[Black "Belozerov Andrei (RUS)"]
[Result "0-1"]
[WhiteElo "2406"]
[BlackElo "2455"]

1.d4 Nf6 2.c4 e6 3.Nc3 Bb4 4.e3 b6 5.Bd3 Bb7 6.Ne2 Bxg2 7.Rg1 Bf3 8.Qc2 Nh5
9.Be4 Bxe4 10.Qxe4 Nc6 11.Qg4 g6 12.e4 e5 13.Bg5 f6 14.Be3 exd4 15.Bxd4 Nxd4
16.Nxd4 Bxc3+ 17.bxc3 Qe7 18.O-O-O Qf7 19.Qf3 c6 20.Nxc6 dxc6 21.e5 Qxc4
22.Rd4 Qc5 23.Rd6 Rd8 24.Rxd8+ Kxd8 25.exf6 Rf8 26.Qd3+ Kc7 27.f7 Rxf7 28.Qa6
Qxc3+ {#R} 0-1

[Event "Ch France"]
[Site "masterchessopen.com Meribel (France)"]
[Round "13"]
[White "Relange Eloi (FRA)"]
[Black "Guigonis Dominique (FRA)"]
[Result "1-0"]
[WhiteElo "2490"]
[BlackElo "2315"]

1.d4 Nf6 2.c4 e6 3.Nc3 Bb4 4.e3 b6 5.Bd3 Bb7 6.Ne2 Bxg2 7.Rg1 Bb7 8.a3 Bf8
9.e4 d6 10.f4 d5 11.cxd5 exd5 12.e5 Ne4 13.Qa4+ Bc6 14.Qc2 f5 15.Bxe4 dxe4
16.Be3 Bb7 17.d5 g6 18.O-O-O Na6 19.Nd4 Nc5 20.Ne6 Qd7 21.Nxf8 Nd3+ 22.Qxd3
{#r} 1-0

[Event "Ch State Sao Paulo"]
[Site "masterchessopen.com Rio Claro (Brazil)"]
[Round "3"]
[White "Marques Vinicius (BRA)"]
[Black "Milos Gilberto (BRA)"]
[Result "0-1"]
[WhiteElo "2235"]
[BlackElo "2575"]

1.d4 Nf6 2.c4 e6 3.Nc3 Bb4 4.e3 b6 5.Bd3 Bb7 6.Ne2 Bxg2 7.Rg1 Be4 8.a3 Bxd3
9.Qxd3 Bf8 10.e4 Nc6 11.e5 Ng8 12.Bg5 Nge7 13.Ne4 Qc8 14.d5 Nxe5 15.Qc3 d6
16.f4 N5g6 17.Bxe7 Bxe7 18.Qxg7 Rf8 19.Nf6+ Bxf6 20.Qxf6 Qd8 21.Qxd8+ Kxd8
22.O-O-O Kd7 23.f5 exf5 24.Rdf1 Rae8 25.Kd2 Re5 26.Rf2 b5 27.b3 bxc4 28.bxc4
Rb8 29.Kc2 Re4 {#R} 0-1

[Event "Ch Sweden"]
[Site "masterchessopen.com Ronneby (Sweden)"]
[Round "9"]
[White "Eriksson Johan (SWE)"]
[Black "Brynell Stellan (SWE)"]
[Result "1-0"]
[WhiteElo "2385"]
[BlackElo "2485"]

1.d4 e6 2.c4 Nf6 3.Nc3 Bb4 4.e3 b6 5.Bd3 Bb7 6.Ne2 Bxg2 7.Rg1 Bf3 8.Qc2 Nh5
9.Bd2 Qh4 10.O-O-O Nc6 11.Rdf1 Bd6 12.Nb5 Bxh2 13.d5 exd5 14.cxd5 Nb4 15.Bxb4
Qxb4 16.Ned4 Bxd5 17.Rg5 Nf4 18.Nxc7+ Kd8 19.Nxd5 Qd6 20.Nc3 Rc8 21.Rd1 g6
22.Bb5 Qf6 23.Nf3 Rc7 24.Rg4 h5 25.Rh4 Ng2 26.Rxh2 Qxf3 27.Qd2 Qf5 28.a4 a6
29.Bxa6 Qg4 30.Qd6 Re8 31.Qxb6 Nf4 32.Qb8+ {#r} 1-0

[Event "Ch Czech Republic (juniors) (under 16)"]
[Site "masterchessopen.com Svetla nad Sazavou (Czech Republic)"]
[Round "8"]
[White "Strelicka Jan (CZE)"]
[Black "Hulin Petr (CZE)"]
[Result "0-1"]
[WhiteElo "1685"]
[BlackElo "2041"]

1.d4 Nf6 2.c4 e6 3.Nc3 Bb4 4.e3 b6 5.Bd3 Bb7 6.Nf3 d6 7.O-O Bxc3 8.bxc3 O-O
9.Re1 Ne4 10.Bb2 f5 11.a4 Nd7 12.Nd2 Qh4 13.Qe2 Rf6 14.Nf3 Qh6 15.Bxe4 fxe4
16.Nd2 Raf8 17.Rf1 Rg6 18.f3 exf3 19.Nxf3 Qh5 20.e4 Qg4 21.d5 exd5 22.cxd5 Ba6
{#R} 0-1

[Event "It (open) (b)"]
[Site "masterchessopen.com Witley (England)"]
[Round "9"]
[White "Debbage Leigh (ENG)"]
[Black "Roberts Mark (ENG)"]
[Result "0-1"]
[WhiteElo "2059"]
[BlackElo "2076"]

1.d4 e6 2.c4 Nf6 3.Nc3 Bb4 4.e3 b6 5.Bd3 Bb7 6.Nf3 Ne4 7.Bxe4 Bxe4 8.a3 Bxc3+
9.bxc3 O-O 10.O-O f5 11.d5 Na6 12.Ne1 f4 13.f3 Bg6 14.e4 Qf6 15.Qd2 Nc5 16.Rb1
e5 17.Nd3 Nxd3 18.Qxd3 d6 19.a4 a5 20.Bd2 Be8 21.Ra1 Qg5 22.Qe2 Rf6 23.Kh1 Rh6
24.Qf2 Qh5 25.g3 fxg3 26.Qxg3 Rg6 27.Qf2 Bd7 {#R} 0-1

[Event "Ch Iceland (team) 1998/99"]
[Site "masterchessopen.com Akureyri (Iceland)"]
[Round "0"]
[White "Hjartarson Johann (ISL)"]
[Black "Vidarsson Jon G (ISL)"]
[Result "1-0"]
[WhiteElo "2630"]
[BlackElo "2352"]

1.d4 Nf6 2.c4 e6 3.Nc3 Bb4 4.e3 b6 5.Bd3 Bxc3+ 6.bxc3 Nc6 7.e4 e5 8.Ne2 d6
9.O-O O-O 10.f4 Nd7 11.Be3 Ba6 12.Ng3 Na5 13.Qe2 f6 14.Rf3 Qe8 15.Raf1 Qf7
16.Nf5 Kh8 17.Rg3 Rg8 18.fxe5 dxe5 19.c5 Bxd3 20.Qxd3 Qxa2 21.Ne7 Rgd8 22.d5
Qc4 23.Qd1 Qxe4 24.Qh5 Re8 25.Qf7 g5 26.Nf5 {#r} 1-0

[Event "It (cat.3)"]
[Site "masterchessopen.com Budapest (Hungary)"]
[Round "3"]
[White "Schneider Attila (HUN)"]
[Black "Marinkovic Milan (CRO)"]
[Result "1-0"]
[WhiteElo "2395"]
[BlackElo "2360"]

1.d4 Nf6 2.c4 e6 3.Nc3 Bb4 4.e3 b6 5.Bd3 Bb7 6.Ne2 Bxg2 7.Rg1 Be4 8.a3 Bxc3+
9.Nxc3 Bg6 10.e4 d6 11.Bg5 Nbd7 12.f4 e5 13.fxe5 dxe5 14.d5 O-O 15.Qf3 Qc8
16.Bc2 h6 17.Be3 c6 18.d6 Nc5 19.Bxh6 gxh6 20.Qxf6 Qe6 21.Qh4 Kh7 22.O-O-O
Rad8 23.Qe7 a5 24.Nd5 cxd5 25.exd5 Qxd6 26.Bxg6+ Kh8 27.Qh4 {#r} 1-0

[Event "Ch Spain (team) (2-4 Div)"]
[Site "masterchessopen.com Cala Galdana (Spain)"]
[Round "3"]
[White "Bazan Solera Manuel (ESP)"]
[Black "Garcia Jose Luis (ESP)"]
[Result "1-0"]
[WhiteElo "2010"]
[BlackElo "2078"]

1.d4 Nf6 2.c4 e6 3.Nc3 Bb4 4.e3 b6 5.Bd3 Bb7 6.Nf3 Ne4 7.Qc2 f5 8.O-O Bxc3
9.bxc3 O-O 10.Nd2 Qh4 11.f3 Nxd2 12.Bxd2 Nc6 13.Be1 Qg5 14.f4 Qg6 15.d5 Na5
16.e4 Ba6 17.exf5 exf5 18.Rf3 Qf7 19.Qe2 Rae8 20.Qf1 Qe7 21.Bf2 Qa3 22.Bd4 Qa4
23.Rg3 Re7 24.Re1 Rff7 25.Bxg7 Rxg7 26.Rxe7 Rxg3 27.hxg3 Bxc4 28.Qe2 {#r} 1-0

[Event "Ch ACT (reserves)"]
[Site "masterchessopen.com Canberra (Australia)"]
[Round "6"]
[White "Butler Brian"]
[Black "De Noskowski Adrian (AUS)"]
[Result "1-0"]
[WhiteElo "1692"]
[BlackElo "1913"]

1.c4 Nf6 2.Nc3 e6 3.d4 Bb4 4.e3 b6 5.Bd3 Bb7 6.Nf3 Ne4 7.O-O Nxc3 8.bxc3 Bxc3
9.Rb1 f5 10.Ba3 d6 11.Qc2 Ba5 12.e4 f4 13.c5 O-O 14.cxd6 cxd6 15.Rfc1 Rf7
16.Qb3 d5 17.Ne5 Rf6 18.Qc2 Rh6 19.Qc7 Qxc7 20.Rxc7 Ba6 21.Rbc1 g5 22.Bxa6
Nxa6 23.Rc8+ Rxc8 24.Rxc8+ Kg7 25.Bf8+ {#r} 1-0

[Event "Ch England (team) 1998/99"]
[Site "masterchessopen.com England"]
[Round "5"]
[White "Richardson John R (ENG)"]
[Black "Cobb Charles (ENG)"]
[Result "1-0"]
[WhiteElo "2315"]
[BlackElo "2274"]

1.d4 e6 2.c4 Nf6 3.Nc3 Bb4 4.e3 b6 5.Bd3 Bb7 6.Ne2 Bxg2 7.Rg1 Be4 8.a3 Bxc3+
9.Nxc3 Bg6 10.e4 d5 11.Bg5 dxe4 12.Bxe4 c6 13.h4 Qc7 14.Bxf6 gxf6 15.Qf3 f5
16.Bc2 Qh2 17.O-O-O Qxh4 18.Rh1 Qg5+ 19.Kb1 O-O 20.d5 cxd5 21.cxd5 Na6 22.Rdg1
Qe7 23.Qh3 Kh8 24.dxe6 Rg8 25.Nd5 Qxe6 26.Rxg6 {#r} 1-0

[Event "Cup Infotozsde"]
[Site "masterchessopen.com Heves (Hungary)"]
[Round "0"]
[White "Olah Sandor (HUN)"]
[Black "Horvath Zoltan (HUN)"]
[Result "1-0"]
[WhiteElo "2059"]
[BlackElo "2349"]

1.d4 Nf6 2.c4 e6 3.Nc3 Bb4 4.e3 b6 5.Bd3 Bb7 6.f3 O-O 7.Ne2 d5 8.O-O Nbd7
9.Qc2 h6 10.Bd2 Bxc3 11.bxc3 c5 12.e4 dxc4 13.Bxc4 Rc8 14.Qb3 Qe7 15.a4 a6
16.Be3 cxd4 17.cxd4 e5 18.d5 Nc5 19.Qa2 Ne8 20.Ng3 Nd6 21.Be2 Kh8 22.Qb2 Qd7
23.Qxe5 Rfe8 24.Qd4 Nb3 25.Qxb6 Nxa1 26.Rxa1 Nc4 27.Bxc4 Rxc4 28.Bxh6 Bxd5
29.Bxg7+ Kxg7 30.Nh5+ {#r} 1-0

[Event "Ch World (juniors) (under 10)"]
[Site "masterchessopen.com Oropesa (Spain)"]
[Round "3"]
[White "Brodowski Piotr (POL)"]
[Black "Rodshtein Maxim (ISR)"]
[Result "1-0"]
[WhiteElo "2436"]
[BlackElo "2641"]

1.d4 Nf6 2.c4 e6 3.Nc3 Bb4 4.e3 b6 5.Bd3 Bb7 6.Nf3 O-O 7.O-O Qe7 8.a3 Bxc3
9.bxc3 d6 10.Nd2 e5 11.a4 a5 12.Ba3 Nbd7 13.Nb3 Bc6 14.Qd2 Rfe8 15.Rfb1 g6
16.c5 dxc5 17.dxc5 Qe6 18.cxb6 cxb6 19.Bb5 Bd5 20.Nc1 Ne4 21.Qc2 Rec8 22.Ne2
Ndf6 23.f3 Nc5 24.c4 Bb7 25.Rd1 e4 26.Nd4 Qe7 27.f4 Qc7 28.Qc3 Nd3 29.Nf5 Nxf4
30.Qxf6 {#r} 1-0

[Event "It (open)"]
[Site "masterchessopen.com Recklinghausen (Germany)"]
[Round "5"]
[White "Blayvas Jan (GER)"]
[Black "Friedrichs Klaus (GER)"]
[Result "0-1"]
[WhiteElo "2132"]
[BlackElo "2148"]

1.d4 Nf6 2.c4 e6 3.Nc3 Bb4 4.e3 b6 5.Bd3 Bb7 6.Nf3 Ne4 7.Qc2 f5 8.O-O Bxc3
9.bxc3 O-O 10.Nd2 Qh4 11.Ba3 Nxd2 12.Qxd2 Bxg2 13.Bxf8 Bf3 14.Rfc1 Qh3 {#R}
0-1

[Event "It (open) \"]
[Site "masterchessopen.com Salonika (Greece)"]
[Round "1"]
[White "Galaras Anestis (GRE)"]
[Black "Nikolaidis Konstantinos (GRE)"]
[Result "0-1"]
[WhiteElo "1921"]
[BlackElo "2383"]

1.d4 Nf6 2.c4 e6 3.Nc3 Bb4 4.e3 b6 5.Bd3 Bb7 6.f3 c5 7.Ne2 cxd4 8.exd4 O-O
9.O-O d5 10.Bg5 dxc4 11.Bxc4 Be7 12.Bxf6 Bxf6 13.Rc1 Nc6 14.d5 Na5 15.b3 Nxc4
16.bxc4 Bxc3 17.Nxc3 Qe7 18.Kh1 Rfc8 19.d6 Qd7 20.Qd4 Rc6 21.Rfd1 Rd8 22.Qh4
Rxd6 23.Rxd6 Qxd6 24.h3 f6 25.Qg4 Qe5 26.h4 Rd4 27.Qh3 Rxc4 {#R} 0-1

[Event "It (open)"]
[Site "masterchessopen.com Sutton (England)"]
[Round "2"]
[White "Costley Martin Owen (ENG)"]
[Black "Bigg Andrew J (ENG)"]
[Result "0-1"]
[WhiteElo "2226"]
[BlackElo "2208"]

1.d4 Nf6 2.c4 e6 3.Nc3 Bb4 4.e3 b6 5.Bd3 Bb7 6.Ne2 Ne4 7.f3 Nxc3 8.bxc3 Be7
9.e4 d6 10.O-O Nd7 11.f4 c5 12.a4 Qc7 13.Be3 O-O 14.Ng3 g6 15.f5 exf5 16.exf5
Bf6 17.Qc2 Rae8 18.Bh6 Bg7 19.Bxg7 Kxg7 20.fxg6 fxg6 21.Rae1 Rxe1 22.Rxe1 Nf6
23.Qe2 Re8 24.Qd2 Rxe1+ 25.Qxe1 Kf7 26.Ne4 Bxe4 {#R} 0-1

[Event "Ch NATO"]
[Site "masterchessopen.com Stetten (Germany)"]
[Date "1999.09.16"]
[Round "5"]
[White "Tommasini Enzo (ITA)"]
[Black "Delforge Guy (BEL)"]
[Result "0-1"]
[WhiteElo "2095"]
[BlackElo "2054"]

1.d4 Nf6 2.c4 e6 3.Nc3 Bb4 4.e3 b6 5.Bd3 Bb7 6.f3 O-O 7.Ne2 d5 8.O-O Nbd7
9.Bd2 dxc4 10.Bxc4 c5 11.a3 cxd4 12.exd4 Bd6 13.Bd3 e5 14.Nb5 Bb8 15.Bb4 e4
16.Bc4 exf3 17.gxf3 Re8 18.Nd6 Bxd6 19.Bxd6 Rc8 20.Rc1 Nd5 21.Qb3 Rxe2 {#R}
0-1

[Event "It (open)"]
[Site "masterchessopen.com Abudhabi (United Arab Emirates)"]
[Round "1"]
[White "Al-Ghasra Ali (BRN)"]
[Black "Sharif Mehrshad (FRA)"]
[Result "0-1"]
[WhiteElo "2180"]
[BlackElo "2475"]

1.d4 e6 2.c4 Nf6 3.Nc3 Bb4 4.e3 b6 5.Bd3 Bb7 6.Nf3 c5 7.O-O Bxc3 8.bxc3 O-O
9.Qe2 Ne4 10.Bxe4 Bxe4 11.Nd2 Bb7 12.a4 Nc6 13.Ne4 d6 14.Rd1 Na5 15.f3 Bxe4
16.fxe4 Qh4 17.Qd3 f5 18.exf5 exf5 19.Bd2 Qe4 20.Qf1 Qe6 21.Re1 Nxc4 22.Qd3
Rae8 23.a5 Nxa5 24.Rxa5 bxa5 25.Ra1 c4 26.Qc2 Qd5 27.Qa4 f4 28.Qxa5 Qxa5
29.Rxa5 fxe3 {#R} 0-1

[Event "Tournament"]
[Site "masterchessopen.com Buenos Aires (Argentina)"]
[Round "7"]
[White "Albarran Gustavo (ARG)"]
[Black "Flamhum Hernan (ARG)"]
[Result "0-1"]
[WhiteElo "2211"]
[BlackElo "2131"]

1.d4 Nf6 2.c4 e6 3.Nc3 Bb4 4.e3 b6 5.Bd3 Bb7 6.Ne2 Ne4 7.O-O f5 8.Qc2 Qh4 9.g3
Ng5 10.d5 Qg4 11.Nd4 Bxc3 12.bxc3 O-O 13.f3 Qh5 14.h4 Nf7 15.dxe6 Ne5 16.Be2
c5 17.e7 Rf6 18.Nxf5 Nbc6 19.e4 Rxf5 20.exf5 Nxe7 21.Bg5 Bxf3 22.Rae1 Qg4
23.Bf4 N7c6 24.Qe4 Bxe2 25.Rxe2 Re8 26.Bxe5 Qxe4 27.Rxe4 Nxe5 28.Kg2 Kf7
29.Rd1 Kf6 30.g4 h5 31.Rd6+ Kf7 {#R} 0-1